<?xml version="1.0" encoding="UTF-8"?><?xml-stylesheet type="text/xsl" href="static/style.xsl"?><OAI-PMH xmlns="http://www.openarchives.org/OAI/2.0/" xmlns:xsi="http://www.w3.org/2001/XMLSchema-instance" xsi:schemaLocation="http://www.openarchives.org/OAI/2.0/ http://www.openarchives.org/OAI/2.0/OAI-PMH.xsd"><responseDate>2026-06-02T10:34:33Z</responseDate><request verb="GetRecord" identifier="oai:riuma.uma.es:10630/23961" metadataPrefix="marc">https://riuma.uma.es/rest/oai/request</request><GetRecord><record><header><identifier>oai:riuma.uma.es:10630/23961</identifier><datestamp>2026-02-03T11:22:34Z</datestamp><setSpec>com_10630_2254</setSpec><setSpec>col_10630_37953</setSpec></header><metadata><record xmlns="http://www.loc.gov/MARC21/slim" xmlns:dcterms="http://purl.org/dc/terms/" xmlns:doc="http://www.lyncode.com/xoai" xmlns:xsi="http://www.w3.org/2001/XMLSchema-instance" xsi:schemaLocation="http://www.loc.gov/MARC21/slim http://www.loc.gov/standards/marcxml/schema/MARC21slim.xsd">
   <leader>00925njm 22002777a 4500</leader>
   <datafield ind2=" " ind1=" " tag="042">
      <subfield code="a">dc</subfield>
   </datafield>
   <datafield ind2=" " ind1=" " tag="720">
      <subfield code="a">Cummins, J. David</subfield>
      <subfield code="e">author</subfield>
   </datafield>
   <datafield ind2=" " ind1=" " tag="720">
      <subfield code="a">Rubio-Misas, María</subfield>
      <subfield code="e">author</subfield>
   </datafield>
   <datafield ind2=" " ind1=" " tag="260">
      <subfield code="c">2021-12</subfield>
   </datafield>
   <datafield ind2=" " ind1=" " tag="520">
      <subfield code="a">This paper provides evidence of the role that financial market development and institutional quality play in the integration of European Union (EU) life insurance markets. It analyzes ten EU life insurance markets over a seventeen-year sample period. The meta-technology cost/revenue efficiency ratios, estimated under the meta-frontier DEA framework, are used as a measure of integration and the analysis is conducted by applying Tobit panel regression models. We find that national stock market development and institutional quality enhance cost performance and integration of EU life insurance markets. Results also show that in countries where bancassurance is the main life insurance distribution channel, banking sector development contributes to integration in terms of revenue efficiency. However, we find that better outcomes in national institutional quality decrease the meta-technology revenue efficiency ratio, suggesting that life insurance prices are lower in countries with better institutions.</subfield>
   </datafield>
   <datafield ind1="8" ind2=" " tag="024">
      <subfield code="a">Cummins, J. david ; Rubio-Misas, Maria. Country factor behavior for integration improvement of European life insurance markets. Economic Analysis and Policy Volume 72, December 2021, Pages 186-202. https://doi.org/10.1016/j.eap.2021.08.004</subfield>
   </datafield>
   <datafield ind1="8" ind2=" " tag="024">
      <subfield code="a">https://hdl.handle.net/10630/23961</subfield>
   </datafield>
   <datafield ind1="8" ind2=" " tag="024">
      <subfield code="a">10.1016/j.eap.2021.08.004</subfield>
   </datafield>
   <datafield tag="653" ind2=" " ind1=" ">
      <subfield code="a">Mercado financiero</subfield>
   </datafield>
   <datafield ind2="0" ind1="0" tag="245">
      <subfield code="a">Country factor behavior for integration improvement of European life insurance markets</subfield>
   </datafield>
</record>
</metadata></record></GetRecord></OAI-PMH>